Asian Capitals Anagram Match Up Quiz Stats

 Plays Quiz not verified by Sporcle

Support Sporcle.
Go Orange.
Score 0/20 Timer 05:00
0 Plays Today
% Correct
* AFGHANISTAN *
87.8%
* CHINA *
84.4%
* ISRAEL *
83%
* SAUDI ARABIA *
81%
* LEBANON *
78.9%
* PAKISTAN *
78.2%
* INDIA *
78.2%
* QATAR *
76.2%
* NEPAL *
76.2%
* SYRIA *
75.5%
% Correct
* GEORGIA *
71.4%
* OMAN *
69.4%
* LAOS *
69.4%
* ARMENIA *
68.7%
* TIMOR LESTE *
68%
* SINGAPORE *
68%
* MYANMAR *
60.5%
* UZBEKISTAN *
53.7%
* TAJIKISTAN *
46.9%
* TURKMENISTAN *
46.3%

You're not logged in!

Compare scores with friends on all Sporcle quizzes.
OR
Log In

From the Vault

Animal Misconceptions

by Hejman

It's turns out there are a lot of urban myths about pretty well-known animals.
Remove Ads.
Support Sporcle.
Get the best of Sporcle when you Go Orange. This ad-free experience offers more features, more stats, and more fun while also helping to support Sporcle. Thank you for becoming a member.

Show Comments

Extras

Top Quizzes Today


Score Distribution

Your Account Isn't Verified!

In order to create a playlist on Sporcle, you need to verify the email address you used during registration. Go to your Sporcle Settings to finish the process.

Report this User

Report this user for behavior that violates our Community Guidelines.

Details: